[Event "Chess.com Classic Div 3 W"]
[Site "chess.com INT"]
[Date "2024.05.10"]
[Round "2.2"]
[White "Tang, Andrew"]
[Black "Idani, Pouya"]
[Result "1/2-1/2"]
[WhiteTitle "GM"]
[BlackTitle "GM"]
[WhiteElo "2505"]
[BlackElo "2605"]
[WhiteFideId "2059630"]
[BlackFideId "12510130"]
[EventDate "2024.05.10"]
[EventType "k.o."]

1. d4 Nf6 2. Nf3 d5 3. Bf4 c5 4. e3 Nc6 5. Nbd2 cxd4 6. exd4 a6 7. c3 Bf5 8. Nh4
Bg4 9. Qb3 Na5 10. Qc2 e6 11. h3 Bh5 12. g4 Bg6 13. Nxg6 hxg6 14. Be2 Bd6 15.
Be3 Qc7 16. Nf3 Nxg4 17. Bg5 Nf6 18. Bd3 Nc6 19. O-O-O Bf4+ 20. Kb1 Bxg5 21.
Nxg5 Qf4 22. Rhg1 Rh5 23. Nxe6 fxe6 24. Bxg6+ Ke7 25. Bxh5 Nxh5 26. Rde1 Rf8 27.
Qb3 Qf5+ 28. Ka1 Rb8 29. h4 Kf8 30. Qd1 Qf7 31. Qg4 Re8 32. Re3 Nf6 33. Qg5 Ne7
34. f3 Nf5 35. Re5 Re7 36. a3 Qh5 37. Rge1 Kf7 38. Rg1 Qxg5 39. hxg5 Nd7 40. Re2
Nf8 41. Kb1 Ng6 42. Kc2 Re8 43. Kd2 Rh8 44. a4 Rh3 45. Rf2 Ngh4 46. Ke2 Ng3+ 47.
Ke3 Nhf5+ 48. Kd2 Nh5 49. Rg4 Rh1 50. Re2 g6 51. Kc2 Ke7 52. Kb3 Kd6 53. Kb4
Nhg7 54. Rgg2 Rh8 55. Rh2 Nh5 56. Re5 b6 57. b3 Rc8 58. Rd2 Ne7 59. Re3 Nc6+ 60.
Ka3 Rf8 61. c4 Rf5 62. c5+ bxc5 63. dxc5+ Kd7 64. b4 Na7 65. Rde2 Nf4 66. Rh2
Rf7 67. Kb3 Nh5 68. Rhe2 Ng7 69. Kc3 d4+ 70. Kxd4 Nf5+ 71. Ke4 Nxe3 72. Rxe3 Rf5
73. Rd3+ Kc7 74. Rd6 Nc6 75. b5 axb5 76. axb5 Re5+ 77. Kf4 Rf5+ 78. Ke4 Re5+ 79.
Kf4 Rf5+ 80. Ke4 1/2-1/2

[Event "Chess.com Classic Div 3 W"]
[Site "chess.com INT"]
[Date "2024.05.10"]
[Round "2.3"]
[White "Andreikin, Dmitry"]
[Black "Radjabov, Teimour"]
[Result "1-0"]
[WhiteTitle "GM"]
[BlackTitle "GM"]
[WhiteElo "2729"]
[BlackElo "2723"]
[WhiteFideId "4158814"]
[BlackFideId "13400924"]
[EventDate "2024.05.10"]
[EventType "k.o."]

1. d4 d6 2. e4 Nf6 3. Nc3 e5 4. Nf3 Nbd7 5. Bc4 Be7 6. O-O O-O 7. Re1 c6 8. a4
Qc7 9. h3 b6 10. Bg5 Bb7 11. Ba2 a6 12. Ne2 h6 13. Bh4 Rfe8 14. Ng3 Bf8 15. Qd2
c5 16. dxe5 dxe5 17. Qe2 b5 18. axb5 axb5 19. c4 b4 20. Bxf6 Nxf6 21. Bb3 g6 22.
Nd2 h5 23. Ngf1 Bh6 24. Bc2 Qd6 25. Nb3 Qb6 26. Qf3 Nh7 27. Ne3 Ng5 28. Qd1 Rxa1
29. Qxa1 Nxe4 30. Qa4 Bxe3 31. Qxe8+ 1-0

[Event "Chess.com Classic Div 3 W"]
[Site "chess.com INT"]
[Date "2024.05.10"]
[Round "2.3"]
[White "Bok, Benjamin"]
[Black "Grandelius, Nils"]
[Result "1-0"]
[WhiteTitle "GM"]
[BlackTitle "GM"]
[WhiteElo "2599"]
[BlackElo "2664"]
[WhiteFideId "1017063"]
[BlackFideId "1710400"]
[EventDate "2024.05.10"]
[EventType "k.o."]

1. c4 c6 2. Nf3 d5 3. e3 Nf6 4. Nc3 a6 5. d4 e6 6. b3 Bb4 7. Bd2 Nbd7 8. Bd3
dxc4 9. bxc4 e5 10. Qb1 Bd6 11. O-O O-O 12. h3 h6 13. Re1 Re8 14. a4 Qe7 15. Nh4
Nf8 16. Nf5 Bxf5 17. Bxf5 e4 18. h4 h5 19. g3 N8h7 20. c5 Bb8 21. Kg2 g6 22. Bh3
g5 23. Bf5 gxh4 24. gxh4 Nf8 25. Rg1 Ng6 26. Kf1 Kh8 27. Bxg6 fxg6 28. Rxg6 Ng4
29. Qxe4 1-0

[Event "Chess.com Classic Div 3 W"]
[Site "chess.com INT"]
[Date "2024.05.10"]
[Round "2.3"]
[White "Giri, Anish"]
[Black "Paravyan, David"]
[Result "1/2-1/2"]
[WhiteTitle "GM"]
[BlackTitle "GM"]
[WhiteElo "2745"]
[BlackElo "2606"]
[WhiteFideId "24116068"]
[BlackFideId "4194985"]
[EventDate "2024.05.10"]
[EventType "k.o."]

1. c4 e5 2. d3 Bb4+ 3. Nc3 Ne7 4. Bd2 O-O 5. a3 Bxc3 6. Bxc3 Nbc6 7. g3 d5 8.
Bg2 Be6 9. cxd5 Nxd5 10. Nf3 f6 11. O-O Qd7 12. Re1 Kh8 13. Rc1 a5 14. Nd2 Nxc3
15. bxc3 Bd5 16. Bxd5 Qxd5 17. Rb1 b6 18. Qa4 Rad8 19. Qc4 Qd7 20. Qb5 f5 21.
Nf3 e4 22. Nh4 Ne7 23. Qxd7 Rxd7 24. Ng2 Nd5 25. Rbc1 exd3 26. exd3 g6 27. d4 f4
28. c4 fxg3 29. hxg3 Nf6 30. d5 Re8 31. Nf4 Rde7 32. Rxe7 Rxe7 33. c5 bxc5 34.
Rxc5 a4 35. Ra5 Rd7 36. Ne6 Kg8 37. Rxa4 Nxd5 38. Rc4 Rd6 39. Nxc7 Nxc7 40. Rxc7
Ra6 41. Rc3 Kf7 42. Kf1 Ke6 43. Ke2 Kd5 44. Rd3+ Ke4 45. Re3+ Kf5 46. f4 Kg4 47.
Kd2 h5 48. Kc2 h4 49. gxh4 Ra4 50. Kb3 Rxf4 51. a4 Kxh4 52. a5 Rf6 53. Kb4 g5
54. Ra3 g4 55. a6 g3 56. a7 Rf8 57. a8=Q Rxa8 58. Rxa8 g2 59. Rg8 Kh3 60. Kc3
Kh2 61. Kd2 g1=Q 62. Rxg1 Kxg1 1/2-1/2

[Event "Chess.com Classic Div 3 W"]
[Site "chess.com INT"]
[Date "2024.05.10"]
[Round "2.3"]
[White "Idani, Pouya"]
[Black "Tang, Andrew"]
[Result "0-1"]
[WhiteTitle "GM"]
[BlackTitle "GM"]
[WhiteElo "2605"]
[BlackElo "2505"]
[WhiteFideId "12510130"]
[BlackFideId "2059630"]
[EventDate "2024.05.10"]
[EventType "k.o."]

1. e4 e5 2. Nf3 Nc6 3. Bb5 g6 4. d4 exd4 5. Bg5 Be7 6. Bxe7 Qxe7 7. Bxc6 dxc6 8.
Qxd4 Nf6 9. Nc3 Bg4 10. Nd2 c5 11. Qe3 O-O-O 12. f3 Be6 13. O-O-O b6 14. Nb3 Kb8
15. Rxd8+ Rxd8 16. Rd1 Rxd1+ 17. Nxd1 Nd7 18. Nd2 Ne5 19. a3 Qh4 20. h3 Nc6 21.
Qf2 Qf4 22. Ne3 Nd4 23. c3 Nc6 24. Kc2 Na5 25. h4 Qd6 26. f4 Bd7 27. b3 Bb5 28.
Nec4 Nxc4 29. Nxc4 Bxc4 30. bxc4 Qe7 31. Qe1 Qe6 32. Qe2 b5 33. cxb5 Qa2+ 34.
Kd3 Qb3 35. Qc2 Qxb5+ 36. c4 Qd7+ 37. Ke2 Qg4+ 38. Kd2 Qxf4+ 39. Kc3 Qxh4 40.
Qd3 Qf6+ 41. Kb3 Qd6 42. Qf3 f6 43. Qe2 a6 44. Kc2 Kb7 45. Qf3 Qe5 46. Qb3+ Ka7
47. Qd3 h5 48. Kb3 g5 49. Qd7 Qd6 50. Qc8 g4 51. Qf5 Qe5 52. Qh7 g3 53. Ka4 Kb7
54. Qg6 Qc3 55. Qf7 h4 56. Qd5+ Kb6 57. Qe6+ c6 0-1

[Event "Chess.com Classic Div 3 W"]
[Site "chess.com INT"]
[Date "2024.05.10"]
[Round "2.3"]
[White "Kozak, Adam"]
[Black "Sadhwani, Raunak"]
[Result "1-0"]
[WhiteTitle "GM"]
[BlackTitle "GM"]
[WhiteElo "2607"]
[BlackElo "2654"]
[WhiteFideId "753246"]
[BlackFideId "35093487"]
[EventDate "2024.05.10"]
[EventType "k.o."]

1. Nf3 d5 2. d4 Nf6 3. c4 e6 4. Nc3 Bb4 5. Qa4+ Nc6 6. Bg5 O-O 7. e3 h6 8. Bxf6
Qxf6 9. Rc1 Rd8 10. a3 Bf8 11. Be2 dxc4 12. Qxc4 Bd6 13. O-O Qe7 14. e4 e5 15.
d5 Nb8 16. Nb5 Na6 17. b4 Bd7 18. Qc3 Qe8 19. Nxd6 cxd6 20. Qe3 Bb5 21. Bxb5
Qxb5 22. Nh4 Qd7 23. Nf5 Kh7 24. Rc3 Nc7 25. Qh3 Rg8 26. Rg3 Ne8 27. f4 exf4 28.
Rxf4 Rc8 29. Rh4 Rc1+ 30. Kf2 Rc2+ 31. Ke1 1-0

[Event "Chess.com Classic Div 3 W"]
[Site "chess.com INT"]
[Date "2024.05.10"]
[Round "2.3"]
[White "Le, Tuan Minh"]
[Black "Iturrizaga Bonelli, Eduardo"]
[Result "1/2-1/2"]
[WhiteTitle "GM"]
[BlackTitle "GM"]
[WhiteElo "2567"]
[BlackElo "2591"]
[WhiteFideId "12401153"]
[BlackFideId "3901211"]
[EventDate "2024.05.10"]
[EventType "k.o."]

1. d4 Nf6 2. Nf3 c6 3. c4 d5 4. cxd5 cxd5 5. Nc3 Nc6 6. Bf4 Bf5 7. Qb3 Na5 8.
Qa4+ Bd7 9. Qc2 e6 10. e3 Rc8 11. Bd3 Bb4 12. O-O O-O 13. Ne5 h6 14. Rac1 Nh5
15. Bg3 Nxg3 16. hxg3 Nc6 17. Nxd7 Qxd7 18. Qa4 a6 19. Ne2 Rc7 20. a3 Bd6 21.
Rc3 Rfc8 22. Rfc1 Nb8 23. Qxd7 Nxd7 24. Rxc7 Rxc7 25. Rxc7 Bxc7 26. Kf1 Kf8 27.
Ke1 Ke7 28. Kd1 Bd6 29. Kd2 g6 30. Nc3 1/2-1/2

[Event "Chess.com Classic Div 3 W"]
[Site "chess.com INT"]
[Date "2024.05.10"]
[Round "2.3"]
[White "Nguyen, Ngoc Truong Son"]
[Black "Gledura, Benjamin"]
[Result "1/2-1/2"]
[WhiteTitle "GM"]
[BlackTitle "GM"]
[WhiteElo "2633"]
[BlackElo "2619"]
[WhiteFideId "12401110"]
[BlackFideId "712779"]
[EventDate "2024.05.10"]
[EventType "k.o."]

1. d4 d5 2. c4 c6 3. Nf3 Nf6 4. Nc3 dxc4 5. a4 Bf5 6. Ne5 Nbd7 7. Nxc4 Qc7 8. g3
e5 9. dxe5 Nxe5 10. Bf4 Nfd7 11. Bg2 g5 12. Bxe5 Nxe5 13. Qd4 f6 14. O-O Be6 15.
Ne3 Qb6 16. Qe4 Qb4 17. Rfd1 Qxe4 18. Nxe4 Be7 19. a5 a6 20. f4 gxf4 21. gxf4
Nc4 22. Nxc4 Bxc4 23. Nd6+ Bxd6 24. Rxd6 Ke7 25. Rd4 Bb5 26. Kf2 Rad8 27. Re4+
Kf7 28. Bf3 f5 29. Re5 Kf6 30. Rg1 Rhe8 31. Rxe8 Rxe8 32. Rd1 Ke6 33. b4 b6 34.
axb6 Rb8 35. e4 fxe4 36. Bg4+ Ke7 37. Rd7+ Kf6 38. Rd6+ Ke7 39. Rd7+ Kf6 40. b7
c5 41. Rd6+ Ke7 42. bxc5 Rxb7 43. Rh6 Kf8 44. Ke3 a5 45. Rb6 Rxb6 46. cxb6 Ba6
47. Bf5 a4 48. Bxe4 a3 49. Bb1 Ke7 50. Kd4 Kd6 51. f5 Bc8 52. Kc3 Kc6 53. f6 Be6
54. Bxh7 a2 55. Kb2 Kxb6 56. Bg6 Kc5 57. h4 Kd4 58. h5 Ke5 59. f7 Bxf7 60. Bxf7
Kf6 61. Bxa2 Kg7 62. Kc3 Kh8 63. h6 Kh7 64. Kd4 Kxh6 1/2-1/2

[Event "Chess.com Classic Div 3 W"]
[Site "chess.com INT"]
[Date "2024.05.10"]
[Round "2.3"]
[White "Warmerdam, Max"]
[Black "Karthikeyan, Murali"]
[Result "1/2-1/2"]
[WhiteTitle "GM"]
[BlackTitle "GM"]
[WhiteElo "2652"]
[BlackElo "2610"]
[WhiteFideId "1048104"]
[BlackFideId "5074452"]
[EventDate "2024.05.10"]
[EventType "k.o."]

1. c4 Nf6 2. Nc3 e5 3. Nf3 Nc6 4. d3 d5 5. cxd5 Nxd5 6. e4 Nf6 7. h3 Be7 8. Be2
O-O 9. O-O Re8 10. Be3 Bf8 11. Nb1 Be6 12. Nbd2 a5 13. a3 a4 14. Rc1 Nd7 15. Ng5
Nd4 16. Nxe6 Nxe2+ 17. Qxe2 Rxe6 18. d4 exd4 19. Bxd4 Ne5 20. Qe3 c5 21. Bxc5
Nd3 22. Bxf8 Nxc1 23. Bxg7 Qd3 24. Bh6 Qxe3 25. Bxe3 Nd3 26. Rb1 b5 27. Kf1 Rc8
28. Ke2 Rd6 29. b3 axb3 30. Nxb3 Rc2+ 31. Nd2 Nb2 32. Ke1 Rd3 33. Ra1 Nc4 34.
Nxc4 bxc4 35. a4 c3 36. a5 Rb2 37. Rc1 c2 38. Ke2 Ra3 39. Kd2 Rxa5 40. Rxc2
Rxc2+ 41. Kxc2 f6 42. Kd3 Ra4 43. Bd4 Kf7 44. Ke3 h5 1/2-1/2

[Event "Chess.com Classic Div 3 W"]
[Site "chess.com INT"]
[Date "2024.05.10"]
[Round "2.4"]
[White "Gledura, Benjamin"]
[Black "Nguyen, Ngoc Truong Son"]
[Result "0-1"]
[WhiteTitle "GM"]
[BlackTitle "GM"]
[WhiteElo "2619"]
[BlackElo "2633"]
[WhiteFideId "712779"]
[BlackFideId "12401110"]
[EventDate "2024.05.10"]
[EventType "k.o."]

1. Nf3 d5 2. g3 Nd7 3. d4 Ngf6 4. Bg2 Nb6 5. a4 a5 6. O-O Bf5 7. Nbd2 e6 8. c3
h6 9. Re1 Be7 10. Ne5 O-O 11. e4 dxe4 12. Nxe4 c6 13. Nxf6+ Bxf6 14. Qb3 Rb8 15.
Nc4 Nxc4 16. Qxc4 Qb6 17. Qe2 Rbd8 18. Be3 Qc7 19. Bf4 Qe7 20. Be5 Rd7 21. Bxf6
Qxf6 22. Qe5 Qd8 23. Qc5 Qc7 24. Re5 Ra8 25. h4 Bc2 26. Re2 Bb3 27. Re5 Qd8 28.
Ra3 Bd5 29. Bxd5 Rxd5 30. Rxd5 exd5 31. Ra1 Qe8 32. Qb6 Qe7 33. Kf1 Re8 34. Kg1
g5 35. h5 f5 36. Qxa5 f4 37. Rf1 Qd7 38. Kg2 Qg4 0-1

[Event "Chess.com Classic Div 3 W"]
[Site "chess.com INT"]
[Date "2024.05.10"]
[Round "2.4"]
[White "Grandelius, Nils"]
[Black "Bok, Benjamin"]
[Result "1/2-1/2"]
[WhiteTitle "GM"]
[BlackTitle "GM"]
[WhiteElo "2664"]
[BlackElo "2599"]
[WhiteFideId "1710400"]
[BlackFideId "1017063"]
[EventDate "2024.05.10"]
[EventType "k.o."]

1. e4 e5 2. Nf3 Nc6 3. Bb5 Nf6 4. O-O Nxe4 5. d4 Nd6 6. dxe5 Nxb5 7. a4 Nbd4 8.
Nxd4 d5 9. exd6 Nxd4 10. Qxd4 Qxd6 11. Qe3+ Be6 12. Nc3 a6 13. Rd1 Qc6 14. h4
Bb4 15. Qg3 Bxc3 16. bxc3 f6 17. Bf4 Rc8 18. Rd4 Kf7 19. h5 Rhd8 20. Rad1 Rxd4
21. Rxd4 Bf5 22. h6 g5 23. Bd2 Re8 24. Qh2 Re4 25. Qh5+ Bg6 26. Qf3 Rxd4 27.
Qxc6 bxc6 28. cxd4 Bxc2 29. a5 Ke6 30. f3 Kd5 31. Be3 Kc4 32. Kf2 Kd3 33. Bc1
Bb3 34. Ba3 f5 35. Be7 g4 36. fxg4 fxg4 37. Bd8 Kxd4 38. Bxc7 c5 39. Ke1 Kd3 40.
g3 c4 41. Bf4 c3 42. Be5 Ba4 43. Bf6 Kc4 44. Be5 Kb4 45. Bc7 Kb3 46. Be5 Bc6 47.
Bf6 Bf3 48. Be5 Kb4 49. Bc7 Kc4 50. Be5 Kb3 51. Bf6 Be4 52. Be5 Bc6 53. Bf6 Ba4
54. Be5 Kb4 55. Bc7 Ka3 56. Be5 Kb2 57. Bf6 Kc2 58. Be5 Kd3 59. Bf6 c2 60. Bg5
Kc3 61. Bc1 Bb5 62. Kf2 Kb4 63. Bd2+ Kb3 64. Bc1 Ka4 65. Bd2 Ka3 66. Bc1+ Ka4
67. Bd2 c1=Q 68. Bxc1 Kxa5 69. Ke3 Kb4 70. Bd2+ Kc4 71. Ba5 Bd7 72. Kd2 Bf5 73.
Kc1 Kd3 74. Bc7 Ke2 75. Kb2 Kf3 76. Bf4 Bd7 77. Ka3 Bb5 78. Kb4 Ke4 79. Ka3 a5
80. Kb2 a4 81. Ka1 Bd7 82. Kb2 Kd3 83. Ka3 Kc4 84. Kb2 Kb4 85. Ka1 a3 86. Bd6+
Kb3 87. Bf4 Be6 88. Bg5 Kc2 89. Bf4 Kd3 90. Bd6 a2 91. Bf4 Ke4 92. Bc7 Kf3 93.
Bd6 Bf7 94. Bf4 Ke4 95. Kb2 Kf5 96. Ka1 Kg6 97. Kb2 Be6 98. Ka1 Kf5 99. Kb2 Ke4
100. Ka1 Kd3 101. Kb2 Bd5 102. Ka1 Kc2 103. Be5 Bg8 104. Bf4 Bf7 105. Be5 Kd3
106. Bf4 Ke4 107. Kb2 Bc4 108. Ka1 Kf3 109. Kb2 Kf2 110. Ka1 Kg2 111. Kb2 Kh3
112. Ka1 Kh2 113. Kb2 Kh1 114. Ka1 Kg1 115. Kb2 Kg2 116. Ka1 Kf3 117. Kb2 Bd5
118. Ka1 Ke2 119. Kb2 Kd3 120. Ka1 Kc3 121. Be5+ Kb3 122. Bf4 Kc2 123. Bc7 Kd3
124. Bf4 1/2-1/2

[Event "Chess.com Classic Div 3 W"]
[Site "chess.com INT"]
[Date "2024.05.10"]
[Round "2.4"]
[White "Iturrizaga Bonelli, Eduardo"]
[Black "Le, Tuan Minh"]
[Result "1/2-1/2"]
[WhiteTitle "GM"]
[BlackTitle "GM"]
[WhiteElo "2591"]
[BlackElo "2567"]
[WhiteFideId "3901211"]
[BlackFideId "12401153"]
[EventDate "2024.05.10"]
[EventType "k.o."]

1. c4 e6 2. Nf3 d5 3. g3 Nf6 4. Bg2 Be7 5. O-O O-O 6. b3 b6 7. Bb2 Bb7 8. e3 c5
9. Qe2 Nbd7 10. Nc3 Rc8 11. Rac1 dxc4 12. bxc4 Bxf3 13. Bxf3 Ne5 14. Bg2 Qd3 15.
f4 Qxe2 16. Nxe2 Nd3 17. Rb1 Rfd8 18. Nc3 Ne8 19. Nb5 Rd7 20. Bc3 Nd6 21. Nxd6
Rxd6 22. Rb3 Nb4 23. Bxb4 cxb4 24. d3 a5 25. Rfb1 a4 26. Rxb4 Rxd3 27. Rxb6 Rxe3
28. Rb8 Rf8 29. Bc6 g5 30. fxg5 Ra3 31. R1b7 Rxb8 32. Rxb8+ Kg7 33. Rb7 Kf8 34.
Rb8+ Kg7 35. Rb7 Kf8 36. Be4 Rxa2 37. h4 Bc5+ 38. Kh1 Bd6 39. Bxh7 Bxg3 40. g6
fxg6 41. Bxg6 Bxh4 42. c5 Ra1+ 43. Kg2 Rc1 44. Rb4 Be7 45. Rxa4 Bxc5 46. Be4 1/2-1/2

[Event "Chess.com Classic Div 3 W"]
[Site "chess.com INT"]
[Date "2024.05.10"]
[Round "2.4"]
[White "Karthikeyan, Murali"]
[Black "Warmerdam, Max"]
[Result "0-1"]
[WhiteTitle "GM"]
[BlackTitle "GM"]
[WhiteElo "2610"]
[BlackElo "2652"]
[WhiteFideId "5074452"]
[BlackFideId "1048104"]
[EventDate "2024.05.10"]
[EventType "k.o."]

1. e4 c5 2. Nf3 d6 3. d4 cxd4 4. Nxd4 Nf6 5. Nc3 Nc6 6. Bg5 e6 7. Qd2 Be7 8.
O-O-O a6 9. f4 Bd7 10. Nf3 b5 11. e5 b4 12. exf6 bxc3 13. Qxc3 gxf6 14. Bh4 Rb8
15. g4 Rg8 16. g5 d5 17. gxf6 Bb4 18. Qd3 Bd6 19. Qxh7 Rf8 20. Qd3 Qb6 21. Qc3
Bb4 22. Qb3 Na5 23. Qd3 Nc4 24. b3 Qa5 25. Kb1 Rc8 26. bxc4 Bc3 27. Nd4 Qa3 28.
Qxc3 Qxc3 29. cxd5 Ba4 0-1

[Event "Chess.com Classic Div 3 W"]
[Site "chess.com INT"]
[Date "2024.05.10"]
[Round "2.4"]
[White "Paravyan, David"]
[Black "Giri, Anish"]
[Result "1/2-1/2"]
[WhiteTitle "GM"]
[BlackTitle "GM"]
[WhiteElo "2606"]
[BlackElo "2745"]
[WhiteFideId "4194985"]
[BlackFideId "24116068"]
[EventDate "2024.05.10"]
[EventType "k.o."]

1. e4 e5 2. Nf3 Nc6 3. Bb5 a6 4. Ba4 Nf6 5. O-O Be7 6. d3 b5 7. Bb3 d6 8. a4 Bd7
9. Qe1 O-O 10. Be3 h6 11. h3 Re8 12. Nc3 Nb4 13. Na2 Nxa2 14. Rxa2 c5 15. axb5
axb5 16. Qa1 Bc6 17. c4 bxc4 18. Bxc4 Qc7 19. Rb1 Reb8 20. Ra3 d5 21. exd5 Nxd5
22. Qa2 Qd6 23. Bd2 Kh7 24. Rxa8 Rxa8 25. Qb3 Ba4 26. Qa3 Nb6 27. Qc3 Bf6 28.
Qc1 Nxc4 29. Qxc4 Bc6 30. Be3 Bd5 31. Qxc5 Qxc5 32. Bxc5 e4 33. dxe4 Bxe4 34.
Re1 Bxf3 35. gxf3 Bxb2 36. Kg2 Bf6 37. Re2 Kg6 38. Be3 Kf5 39. Rc2 Ra5 40. Rc7
Kg6 41. Rc4 Rd5 42. Ra4 Be5 43. Rc4 Kf5 44. Ra4 g5 45. h4 Kg6 46. hxg5 hxg5 47.
f4 gxf4 48. Bxf4 Bxf4 49. Rxf4 f5 50. Rf3 Kg5 51. Rg3+ Kf4 52. Rf3+ Kg5 53. Rg3+
Kf4 54. Rf3+ Kg5 1/2-1/2

[Event "Chess.com Classic Div 3 W"]
[Site "chess.com INT"]
[Date "2024.05.10"]
[Round "2.4"]
[White "Radjabov, Teimour"]
[Black "Andreikin, Dmitry"]
[Result "0-1"]
[WhiteTitle "GM"]
[BlackTitle "GM"]
[WhiteElo "2723"]
[BlackElo "2729"]
[WhiteFideId "13400924"]
[BlackFideId "4158814"]
[EventDate "2024.05.10"]
[EventType "k.o."]

1. e4 c5 2. Nf3 Nc6 3. Bb5 Nf6 4. Nc3 g6 5. h3 Qc7 6. O-O Bg7 7. Re1 Ne5 8. d3
a6 9. Bf4 Nh5 10. Nd5 Qd6 11. Bxe5 Bxe5 12. Nxe5 Qxe5 13. Bc4 b5 14. Bb3 Bb7 15.
c3 e6 16. d4 Qd6 17. e5 Qc6 18. Ne3 O-O 19. Qd2 c4 20. Bd1 f5 21. d5 Qc7 22. Bf3
Nf4 23. d6 Qc8 24. Bxb7 Qxb7 25. Qd4 g5 26. b3 Rac8 27. Rab1 Qa8 28. f3 cxb3 29.
axb3 h6 30. c4 Qc6 31. Kh2 Qc5 32. Rbd1 Qxd4 33. Rxd4 bxc4 34. Nxc4 Rb8 35. g3
Nd5 36. Rd3 Rb5 37. Ra1 Rfb8 38. Rxa6 Nb4 0-1

[Event "Chess.com Classic Div 3 W"]
[Site "chess.com INT"]
[Date "2024.05.10"]
[Round "2.4"]
[White "Tang, Andrew"]
[Black "Idani, Pouya"]
[Result "1-0"]
[WhiteTitle "GM"]
[BlackTitle "GM"]
[WhiteElo "2505"]
[BlackElo "2605"]
[WhiteFideId "2059630"]
[BlackFideId "12510130"]
[EventDate "2024.05.10"]
[EventType "k.o."]

1. d4 Nf6 2. Bf4 d5 3. e3 g6 4. Nc3 c6 5. h4 Bg7 6. Be2 h5 7. Nf3 Bg4 8. Ne5
Bxe2 9. Qxe2 Nbd7 10. O-O-O Qa5 11. Kb1 Nxe5 12. Bxe5 Rg8 13. f3 O-O-O 14. a3
Nd7 15. Bxg7 Rxg7 16. Ka2 e5 17. e4 dxe4 18. Nxe4 exd4 19. Rxd4 Qe5 20. Rhd1 f5
21. Nd6+ Kb8 22. Qxe5 Nxe5 23. Nxf5 Rxd4 24. Nxd4 Rd7 25. f4 Ng4 26. Nxc6+ Kc7
27. Nd4 Ne3 28. Rd3 Nxg2 29. Nb5+ Kd8 30. Rg3 Nxh4 31. Nxa7 Rf7 32. Rd3+ Ke8 33.
Nc8 Rxf4 34. Nd6+ Ke7 35. c4 Nf5 36. c5 Nxd6 37. Rxd6 Rf6 38. Rd4 g5 39. Rb4 h4
40. Rxb7+ Ke6 41. c6 Rh6 42. Rg7 Kf5 43. c7 Rc6 44. b4 h3 45. b5 Rc2+ 46. Kb3
Rc5 47. b6 Rc6 48. b7 h2 49. c8=Q+ 1-0

[Event "Chess.com Classic Div 3 W"]
[Site "chess.com INT"]
[Date "2024.05.10"]
[Round "2.5"]
[White "Bok, Benjamin"]
[Black "Grandelius, Nils"]
[Result "0-1"]
[WhiteTitle "GM"]
[BlackTitle "GM"]
[WhiteElo "2599"]
[BlackElo "2664"]
[WhiteFideId "1017063"]
[BlackFideId "1710400"]
[EventDate "2024.05.10"]
[EventType "k.o."]

1. Nf3 d5 2. b3 Bg4 3. Bb2 Nf6 4. g3 e6 5. Bg2 Nbd7 6. d3 Bd6 7. Nbd2 O-O 8. h3
Bh5 9. g4 Bg6 10. Nh4 c6 11. e3 e5 12. Qe2 Qe7 13. a3 a5 14. c4 Nc5 15. Nxg6
hxg6 16. cxd5 Nxd5 17. h4 Rad8 18. g5 Bc7 19. O-O-O Nb6 20. Ne4 Nxb3+ 21. Kc2
Nc5 22. h5 Nba4 23. Rh4 Nxb2 24. Kxb2 Na4+ 25. Kb1 Qxa3 26. Qa2 Qb4+ 27. Kc2 Nc3
28. Qa1 Nxd1 29. Nf6+ gxf6 30. Rxb4 axb4 31. Qxd1 fxg5 32. Qg4 b3+ 33. Kxb3
Rxd3+ 34. Kc2 Rfd8 35. Bf1 Rd2+ 36. Kb3 Rxf2 37. Bc4 b5 38. hxg6 bxc4+ 39. Kxc4
Rf6 40. gxf7+ Kxf7 41. Qxg5 Bd6 42. Qg4 Ke7 43. Qg7+ Rf7 44. Qg5+ Rf6 45. Qh4
Rb8 46. Kc3 Rb4 47. Qh7+ Rf7 48. Qg8 Rb8 49. Qg5+ Rf6 50. Qg7+ Rf7 51. Qg4 Rbf8
52. Qa4 Rd8 53. Qxc6 Rd7 54. Qa6 Bc7 55. Qa3+ Rd6 56. Qa4 Rf3 57. Qh4+ Rff6 58.
Qh7+ Rf7 59. Qh5 Bb6 60. Qxe5+ Re6 61. Qg5+ Rff6 62. e4 Rxe4 63. Qg7+ Rf7 64.
Qg5+ Rf6 65. Qd5 Re3+ 66. Kc4 Ree6 67. Qb7+ Kf8 68. Kb5 Re5+ 69. Kc4 Re7 70.
Qc8+ Kf7 71. Qh3 Rf4+ 72. Kd5 Rf6 73. Qh7+ Ke8 74. Qh8+ Rf8 75. Qh5+ Rff7 76.
Qh3 Rd7+ 77. Kc6 Bd4 0-1

[Event "Chess.com Classic Div 3 W"]
[Site "chess.com INT"]
[Date "2024.05.10"]
[Round "2.5"]
[White "Giri, Anish"]
[Black "Paravyan, David"]
[Result "0-1"]
[WhiteTitle "GM"]
[BlackTitle "GM"]
[WhiteElo "2745"]
[BlackElo "2606"]
[WhiteFideId "24116068"]
[BlackFideId "4194985"]
[EventDate "2024.05.10"]
[EventType "k.o."]

1. Nf3 d5 2. d4 Nf6 3. Bf4 c5 4. e3 Nc6 5. Be2 Nh5 6. Bg5 h6 7. Bh4 g5 8. Ne5
Nxe5 9. dxe5 gxh4 10. Bxh5 Be6 11. O-O h3 12. g3 Qb6 13. b3 O-O-O 14. f4 d4 15.
e4 c4 16. bxc4 Bxc4 17. Rf2 e6 18. Nd2 Ba6 19. Rb1 Qc7 20. Kh1 Bc5 21. Rf3 d3
22. cxd3 Bxd3 23. Rc1 Bxe4 24. Qe2 Bd5 25. Ne4 b6 26. Rfc3 Kb8 27. Bf3 Qb7 28.
a4 Bb4 29. Rd3 Rc8 30. Rcd1 Rc4 31. Rxd5 exd5 32. Nf6 Rhc8 33. Bxd5 Rc2 34. Qg4
Qa6 35. Qxh3 Qe2 36. Rg1 Rd8 37. Qg2 Be7 38. Ng4 Rxd5 39. Qxd5 Qxg4 40. Qd3 Qe2
41. Qxe2 Rxe2 42. Rd1 Kc7 0-1

[Event "Chess.com Classic Div 3 W"]
[Site "chess.com INT"]
[Date "2024.05.10"]
[Round "2.5"]
[White "Karthikeyan, Murali"]
[Black "Warmerdam, Max"]
[Result "1-0"]
[WhiteTitle "GM"]
[BlackTitle "GM"]
[WhiteElo "2610"]
[BlackElo "2652"]
[WhiteFideId "5074452"]
[BlackFideId "1048104"]
[EventDate "2024.05.10"]
[EventType "k.o."]

1. e4 e5 2. Nf3 Nc6 3. Bb5 a6 4. Ba4 Nf6 5. O-O Be7 6. Re1 b5 7. Bb3 d6 8. c3
O-O 9. h3 Bb7 10. d4 Re8 11. Nbd2 Bf8 12. a3 h6 13. Bc2 Nb8 14. a4 Nbd7 15. Bd3
exd4 16. cxd4 c5 17. axb5 axb5 18. Rxa8 Qxa8 19. Bxb5 cxd4 20. Nxd4 Bxe4 21.
Rxe4 Rxe4 22. Bc6 Qe8 23. Nxe4 Nxe4 24. Qe2 d5 25. Bxd5 Ndf6 26. Bxe4 Nxe4 27.
f3 Qc8 28. Qc2 Bc5 29. Qxe4 Bxd4+ 30. Qxd4 Qxc1+ 31. Kh2 Qc7+ 32. f4 Qb8 33. b4
g5 34. Kg3 Qb5 35. fxg5 hxg5 36. Qd6 Kg7 37. Kh2 f6 38. Qc5 Qb8+ 39. Kg1 Qd8 40.
b5 Qd7 41. b6 Kg6 42. Qc7 Qd4+ 43. Kh2 g4 44. b7 gxh3 45. Qg3+ 1-0